[Event "AUTO-ADV-4875"]
[Site "http://www.queenalice.com/game.php?id=1859806"]
[Date "2025.7.11"]
[Round "1"]
[White "mennecy91"]
[Black "zubarev"]
[Result "1-0"]
[WhiteElo "2037"]
[BlackElo "1648"]

1. c4 e5 2. Nc3 Nf6 3. e4 d6 4. g3 Be7 5. Bg2 Be6 6. d3 Nc6 7. Nge2 O-O 8. h3
Nd4 9. Be3 c5 10. O-O b6 11. f4 Qc7 12. f5 Bd7 13. g4 Ne8 14. Nd5 Qd8 15. Nxe7+
Qxe7 16. g5 f6 17. h4 Nc7 18. Nxd4 cxd4 19. Bd2 1-0

[Event "AUTO-ADV-4875"]
[Site "http://www.queenalice.com/game.php?id=1859807"]
[Date "2025.7.11"]
[Round "1"]
[White "zubarev"]
[Black "mennecy91"]
[Result "0-1"]
[WhiteElo "1646"]
[BlackElo "2039"]

1. d4 d5 2. Nc3 Nf6 3. Nf3 Bg4 4. e3 Nbd7 5. Be2 e6 6. O-O c6 7. Ne5 Bxe2 8.
Qxe2 Bd6 9. f4 O-O 10. Bd2 a6 11. Ng4 b5 12. Ne5 Rc8 13. a4 Qb6 14. Qf3 c5 15.
axb5 axb5 16. Ne2 b4 17. Nxd7 Nxd7 18. f5 Qb5 19. Ng3 Nf6 0-1

[Event "AUTO-ADV-4875"]
[Site "http://www.queenalice.com/game.php?id=1859808"]
[Date "2025.7.11"]
[Round "1"]
[White "mennecy91"]
[Black "carlitomontana93270"]
[Result "1-0"]
[WhiteElo "2115"]
[BlackElo "1778"]

1. c4 c5 2. Nc3 g6 3. g3 Bg7 4. Bg2 Nf6 5. d3 O-O 6. e4 d6 7. h3 Nc6 8. Nge2 Bd7
9. O-O Qc8 10. Kh2 Rb8 11. Be3 Ne5 12. f4 Nc6 13. Rb1 a6 14. Nd5 Nxd5 15. exd5
Nd8 16. b3 e6 17. d4 b6 18. dxc5 bxc5 19. dxe6 Nxe6 20. Qxd6 Rd8 21. Qd1 Bc6 22.
Qc2 Bxg2 23. Kxg2 Nd4 24. Nxd4 cxd4 25. Bg1 d3 26. Qd2 Qc6+ 27. Kh2 Rd7 28. Rbd1
Rbd8 29. Rfe1 Rd6 30. Re7 Qf3 31. Re3 Qh5 32. g4 Qc5 33. Re8+ Rxe8 34. Bxc5 Re2+
35. Kg3 Rxd2 36. Rxd2 Bc3 37. Rd1 Rd7 38. Be3 d2 39. Kf2 Kg7 40. Ke2 Re7 41. Kd3
Ba5 42. Bxd2 Bb6 43. Re1 Rd7+ 44. Kc2 Bf2 45. Re2 Bd4 46. Bc3 Bxc3 47. Kxc3 Rd6
48. a4 Rd1 49. Kb4 Rd3 50. Rh2 Rf3 51. f5 g5 52. c5 Rf1 53. Ka5 Rb1 54. b4 Kf6
55. b5 axb5 56. axb5 1-0

[Event "AUTO-ADV-4875"]
[Site "http://www.queenalice.com/game.php?id=1859809"]
[Date "2025.7.11"]
[Round "1"]
[White "carlitomontana93270"]
[Black "mennecy91"]
[Result "0-1"]
[WhiteElo "1828"]
[BlackElo "2029"]

1. c4 c5 2. g3 Nc6 3. Bg2 g6 4. Nf3 Bg7 5. O-O d6 6. d3 h6 7. Nc3 e5 8. Bd2 Nge7
9. a3 O-O 10. Rb1 Be6 11. b4 cxb4 12. axb4 Qd7 13. b5 Nd8 14. Be3 f5 15. Qc1 Kh7
16. Qa3 Nc8 17. Bd2 e4 18. Nd4 Bxd4 19. dxe4 Bxc4 20. Rfe1 Bc5 21. Qc1 Nf7 22.
Nd5 Bxd5 23. exd5 Nb6 24. e4 fxe4 25. Bxe4 Ng5 26. Kg2 Rxf2+ 27. Kh1 Nxe4 28.
Bxh6 Nxg3+ 0-1

[Event "AUTO-ADV-4883"]
[Site "http://www.queenalice.com/game.php?id=1861215"]
[Date "2025.8.7"]
[Round "1"]
[White "oniwa"]
[Black "mennecy91"]
[Result "1-0"]
[WhiteElo "1866"]
[BlackElo "2119"]

1. d4 d5 2. c4 c6 3. Nc3 Nf6 4. Nf3 Bg4 5. e3 e6 6. Be2 Bd6 7. c5 Bc7 8. O-O
Nbd7 9. h3 Bh5 10. b4 a6 11. a4 O-O 12. Bd3 e5 13. dxe5 Nxe5 14. Be2 Bg6 15. Nh4
Re8 16. Nxg6 Nxg6 17. Bd3 Ne5 18. Bc2 Nc4 19. Qd3 Ne5 20. Qe2 Nc4 21. Bb3 Ne5
22. Bb2 Ng6 23. Qf3 Ne5 24. Qe2 Qe7 25. f4 Ng6 26. Rf3 Rad8 27. Qf2 Ne4 28. Nxe4
dxe4 29. Rg3 Kf8 30. Rg4 b6 31. Bd4 Rb8 32. h4 h5 33. Rg5 Bd8 34. Rxh5 Kg8 35.
Rf5 Nh8 36. Qg3 1-0

[Event "AUTO-ADV-4883"]
[Site "http://www.queenalice.com/game.php?id=1861233"]
[Date "2025.8.7"]
[Round "1"]
[White "mennecy91"]
[Black "chessman"]
[Result "1-0"]
[WhiteElo "2041"]
[BlackElo "2038"]

1. c4 c6 2. Nc3 d5 3. cxd5 cxd5 4. d4 Nc6 5. Bf4 a6 6. Nf3 Nf6 7. e3 e6 8. a3
Be7 9. Bd3 Qb6 10. Rb1 O-O 11. O-O Bd7 12. Ne5 Rfd8 13. Qf3 Be8 14. Qh3 g6 15.
Bg5 Qc7 16. f4 Nh5 17. Ng4 Bxg5 18. fxg5 1-0

[Event "AUTO-ADV-4883"]
[Site "http://www.queenalice.com/game.php?id=1861234"]
[Date "2025.8.7"]
[Round "1"]
[White "chessman"]
[Black "mennecy91"]
[Result "0-1"]
[WhiteElo "2007"]
[BlackElo "2057"]

1. e4 c5 2. Nf3 Nc6 3. b4 Nxb4 4. c3 Nc6 5. Bc4 g6 6. d4 cxd4 7. cxd4 Bg7 8. O-O
d6 9. Re1 Nf6 10. Nc3 O-O 11. Bg5 h6 12. Bf4 Bg4 13. Be3 Qa5 14. Qc2 Bxf3 15.
gxf3 Qh5 16. Be2 g5 17. f4 Ng4 0-1

[Event "AUTO-ADV-4883"]
[Site "http://www.queenalice.com/game.php?id=1861235"]
[Date "2025.8.7"]
[Round "1"]
[White "mennecy91"]
[Black "SGF"]
[Result "1-0"]
[WhiteElo "2100"]
[BlackElo "1661"]

1. c4 e5 2. Nc3 c6 3. e4 Qf6 4. d3 h6 5. Be3 d6 6. h3 Be7 7. g3 Qg6 8. Bg2 h5 9.
Qe2 Na6 10. a3 h4 11. g4 Bg5 12. Bxg5 Qxg5 13. Nf3 Qg6 14. O-O-O Nc5 15. Qc2
Bxg4 16. hxg4 Qxg4 17. Ne1 h3 18. Bf3 Qf4+ 19. Kb1 h2 20. Qd2 Qxd2 21. Rxd2 Nb3
22. Rd1 Nf6 23. Nc2 a5 24. Na4 Nd7 25. Ka2 Nbc5 26. Nxc5 Nxc5 27. d4 Ne6 28.
dxe5 dxe5 29. Bg4 c5 30. Bxe6 fxe6 31. Ne3 Rd8 32. Rxd8+ Kxd8 33. Ng4 g5 34.
Nxe5 Ke7 35. Ng4 Rh4 36. f3 a4 37. Rxh2 Rxh2 38. Nxh2 e5 39. Ng4 Ke6 40. b3
axb3+ 41. Kxb3 b6 42. Ka4 Kd6 43. Kb5 Kc7 44. Nxe5 Kb7 45. Nf7 Kc7 46. Nxg5 Kb7
47. e5 Kc7 48. f4 Kb7 49. f5 Kc7 50. a4 Kb7 51. f6 Ka7 52. e6 Kb7 53. f7 Kc7 54.
f8=Q Kb7 55. Qe7+ Kc8 56. Kxb6 Kb8 57. Qd8# 1-0

[Event "AUTO-ADV-4883"]
[Site "http://www.queenalice.com/game.php?id=1861236"]
[Date "2025.8.7"]
[Round "1"]
[White "SGF"]
[Black "mennecy91"]
[Result "0-1"]
[WhiteElo "1753"]
[BlackElo "2083"]

1. e4 c5 2. Qf3 Nc6 3. c3 g6 4. d3 Bg7 5. h4 Nf6 6. Be2 d6 7. Qg3 Qc7 8. h5 Ng8
9. hxg6 fxg6 10. Rxh7 Rxh7 11. Qxg6+ Kf8 12. Qxh7 Nf6 13. Qg6 Ne5 14. Qg3 Be6
15. Qh2 Nf7 16. Bh5 Nxh5 17. Qxh5 Kg8 18. Bf4 Qb6 19. b3 Qa5 20. b4 Qb5 21. Kd2
a5 22. a4 Qb6 23. b5 Rc8 24. Qf3 Ne5 25. Qg3 Kf7 26. Bxe5 Bxe5 27. Qf3+ Ke8 28.
g4 Kd7 29. g5 Rg8 30. Nh3 Qd8 31. Kc2 Rf8 32. Qg2 Qe8 33. g6 Rg8 34. Qf1 Qxg6
35. Nd2 Qg7 36. f4 Bxc3 37. Ra3 Bxd2 38. Ng5 Bb4 39. Nxe6 Kxe6 40. Qh3+ Qg4 41.
f5+ Kd7 42. Qxg4 Rxg4 43. Ra1 Rg2+ 44. Kb3 Rd2 45. Kc4 Rc2+ 46. Kd5 Rc3 47. Rg1
Rxd3+ 48. Kc4 Rd4+ 49. Kb3 Rxe4 50. Rg7 Rf4 51. Rg5 c4+ 52. Kb2 Rf2+ 53. Kc1 Bc5
54. Rh5 c3 55. Rh1 Ba3+ 56. Kb1 c2+ 57. Ka1 c1=Q+ 58. Rxc1 Bxc1 59. Kb1 Bg5 60.
b6 d5 61. Ka1 d4 62. Kb1 d3 63. f6 exf6 64. Ka1 d2 65. Kb2 d1=Q+ 66. Kc3 Qg4 67.
Kb3 Rf3+ 68. Kc2 Qg2+ 69. Kd1 Rf1# 0-1

[Event "AUTO-MASTER-3277"]
[Site "http://www.queenalice.com/game.php?id=1861635"]
[Date "2025.8.15"]
[Round "1"]
[White "Zero007"]
[Black "mennecy91"]
[Result "1-0"]
[WhiteElo "2054"]
[BlackElo "2118"]

1. c4 c5 2. Nf3 Nc6 3. d4 cxd4 4. Nxd4 g6 5. e4 Bg7 6. Be3 d6 7. Be2 Bd7 8. Nc3
Nf6 9. O-O O-O 10. f3 Rc8 11. Rc1 a6 12. b3 Ne5 13. Qd2 Qa5 14. Nd5 Qxd2 15.
Nxe7+ Kh8 16. Bxd2 Nc6 17. Ndxc6 Rxc6 18. Nxc6 bxc6 19. Bc3 c5 20. Rcd1 1-0

[Event "AUTO-MASTER-3277"]
[Site "http://www.queenalice.com/game.php?id=1861636"]
[Date "2025.8.15"]
[Round "1"]
[White "mennecy91"]
[Black "Zero007"]
[Result "1-0"]
[WhiteElo "2107"]
[BlackElo "2058"]

1. c4 e5 2. Nc3 Nf6 3. e4 c5 4. g3 Nc6 5. Bg2 d6 6. h3 Be6 7. d3 Be7 8. Nge2 O-O
9. O-O Nd4 10. f4 Bd7 11. f5 h6 12. g4 g5 13. fxg6 1-0

[Event "AUTO-MASTER-3277"]
[Site "http://www.queenalice.com/game.php?id=1861652"]
[Date "2025.8.15"]
[Round "1"]
[White "attachui"]
[Black "mennecy91"]
[Result "1-0"]
[WhiteElo "2161"]
[BlackElo "2086"]

1. d4 d5 2. c4 c6 3. Nf3 Nf6 4. Nc3 Bf5 5. Bf4 e6 6. e3 Nbd7 7. c5 Be7 8. Ne5
O-O 9. g4 Be4 10. f3 Bg6 11. h4 h6 12. Nxg6 fxg6 13. Bd3 Qe8 14. Qc2 e5 15. Bxg6
Qb8 16. Bg3 b6 17. g5 Nh5 18. Bxh5 hxg5 19. Bg4 1-0

[Event "AUTO-MASTER-3277"]
[Site "http://www.queenalice.com/game.php?id=1861653"]
[Date "2025.8.15"]
[Round "1"]
[White "mennecy91"]
[Black "Capixaba789"]
[Result "1-0"]
[WhiteElo "2104"]
[BlackElo "1825"]

1. Nf3 d6 2. d4 f5 3. Bg5 Nf6 4. Nbd2 Be6 5. e3 Nc6 6. c3 d5 7. Bd3 Qd7 8. O-O
O-O-O 9. b4 h6 10. Bf4 g5 11. Be5 Nxe5 12. Nxe5 Qe8 13. a4 Bg7 14. Qc2 Ne4 15.
Nxe4 fxe4 16. Be2 Kb8 17. b5 h5 18. f4 g4 19. c4 Bg8 20. c5 e6 21. Rfb1 Bh7 22.
a5 Bf5 23. c6 Bxe5 24. fxe5 h4 25. cxb7 Qh5 26. Qc6 Qe8 27. Qa6 1-0

[Event "AUTO-MASTER-3277"]
[Site "http://www.queenalice.com/game.php?id=1861654"]
[Date "2025.8.15"]
[Round "1"]
[White "Capixaba789"]
[Black "mennecy91"]
[Result "1/2-1/2"]
[WhiteElo "1900"]
[BlackElo "2106"]

1. d4 Nf6 2. Nc3 g6 3. f4 d5 4. Nf3 Bg7 5. e3 Bg4 6. Bd3 O-O 7. O-O c6 8. Qe1
Qd6 9. Ne5 Nbd7 10. Bd2 Rac8 11. Qg3 Qe6 12. Nxg4 Qxg4 13. Qf2 Qe6 14. Ne2 c5
15. c3 Ne4 16. Bxe4 Qxe4 17. Ng3 Qe6 18. Kh1 cxd4 19. exd4 Qb6 20. Rab1 Qb5 21.
f5 a6 22. fxg6 fxg6 23. Qe3 Rce8 24. Rxf8+ Nxf8 25. a3 Nd7 26. b4 e5 27. Qg5 e4
28. Be3 Qd3 29. Qxd5+ Kh8 30. Re1 Qxc3 31. Re2 Qa1+ 32. Bg1 Nb6 33. Qa2 Bxd4 34.
Qxa1 Bxa1 35. Rxe4 Rxe4 36. Nxe4 Nc4 37. Nc5 Nxa3 38. Nxb7 Nb5 39. Bc5 Bc3
1/2-1/2

[Event "AUTO-OPEN-4611"]
[Site "http://www.queenalice.com/game.php?id=1861982"]
[Date "2025.8.24"]
[Round "1"]
[White "Zero007"]
[Black "mennecy91"]
[Result "1-0"]
[WhiteElo "2066"]
[BlackElo "2073"]

1. e4 d5 2. exd5 Qxd5 3. d4 Nf6 4. Nc3 Qd8 5. Nf3 c6 6. Be2 Bf5 7. O-O e6 8. Nh4
Bg6 9. Bf4 Qb6 10. Nxg6 hxg6 11. b3 Bb4 12. Na4 Qa5 13. a3 Be7 14. c3 Nbd7 15.
b4 Qd8 16. Nc5 Nxc5 17. bxc5 Nd5 18. Bd2 Qc7 19. h3 Nf4 20. Bxf4 Qxf4 21. Qd3
O-O-O 22. Rab1 Rd7 23. Qc4 Qg5 24. Kh2 Qf4+ 25. Kh1 g5 26. f3 Qg3 27. Qa4 Qb8
28. Rb2 f5 29. Rfb1 e5 30. Qxc6+ Qc7 31. Qxb7+ Qxb7 32. Rxb7 Rxb7 33. Ba6 exd4
34. cxd4 Rd8 35. Rxb7 1-0

[Event "AUTO-OPEN-4611"]
[Site "http://www.queenalice.com/game.php?id=1861983"]
[Date "2025.8.24"]
[Round "1"]
[White "mennecy91"]
[Black "Zero007"]
[Result "0-1"]
[WhiteElo "2099"]
[BlackElo "2051"]

1. e4 e5 2. Nf3 Nc6 3. Bc4 Bc5 4. b4 Bxb4 5. c3 Bc5 6. d4 exd4 7. cxd4 Bb6 8.
O-O d6 9. h3 Nge7 10. Nc3 O-O 11. Bg5 Kh8 12. e5 dxe5 13. dxe5 Be6 14. Bd3 Qd7
15. Kh2 h6 16. Bc1 Rad8 17. Bc2 Qxd1 18. Rxd1 Bxf2 19. Ba3 Rxd1 20. Rxd1 Re8 21.
Nb5 Bb6 22. Nc3 Nf5 23. Ba4 Ne3 24. Re1 Rd8 25. Re2 Nc4 26. Bxc6 bxc6 27. Be7
Rd7 28. Bh4 Rd3 0-1

[Event "AUTO-OPEN-4611"]
[Site "http://www.queenalice.com/game.php?id=1862012"]
[Date "2025.8.24"]
[Round "1"]
[White "mennecy91"]
[Black "johnew"]
[Result "1-0"]
[WhiteElo "2101"]
[BlackElo "2160"]

1. c4 Nf6 2. Nc3 e6 3. e4 Bb4 4. Nge2 d5 5. cxd5 exd5 6. exd5 Nxd5 7. g3 O-O 8.
Bg2 Be6 9. O-O Nc6 10. a3 Be7 11. Re1 Bf6 12. d4 Qd7 13. Be3 Rfd8 14. Ne4 Be7
15. Rc1 Rac8 16. Nc5 Bxc5 17. Rxc5 Nce7 18. Be4 c6 19. Qd3 g6 20. h4 Nf6 21. f3
Nfd5 22. Bg5 f6 23. Bxd5 Nxd5 24. Be3 Re8 25. Nf4 1-0

[Event "AUTO-OPEN-4611"]
[Site "http://www.queenalice.com/game.php?id=1862013"]
[Date "2025.8.24"]
[Round "1"]
[White "johnew"]
[Black "mennecy91"]
[Result "1-0"]
[WhiteElo "2181"]
[BlackElo "2107"]

1. e4 c5 2. Nf3 Nc6 3. Bb5 g6 4. Bxc6 bxc6 5. d3 Bg7 6. Nc3 d5 7. h3 e5 8. O-O
Nf6 9. Nxe5 Bb7 10. f4 Qd6 11. Nxf7 Kxf7 12. e5 Qe6 13. exf6 Bxf6 14. f5 Qd7 15.
Qg4 Rae8 16. Bg5 Bc8 17. fxg6+ hxg6 18. Qxd7+ Bxd7 19. Bxf6 1-0

[Event "AUTO-OPEN-4611"]
[Site "http://www.queenalice.com/game.php?id=1862014"]
[Date "2025.8.24"]
[Round "1"]
[White "mennecy91"]
[Black "zmanomega"]
[Result "1-0"]
[WhiteElo "2118"]
[BlackElo "1642"]

1. c4 d5 2. d4 dxc4 3. Nc3 a6 4. Nf3 e6 5. e4 Nf6 6. Bxc4 b5 7. Bb3 b4 8. e5
Nfd7 9. Ne4 h6 10. O-O a5 11. Be3 Nc6 12. Rc1 Ne7 13. Qc2 Ra7 14. Rfd1 g5 15. d5
exd5 16. Bxd5 Ra6 17. Qc4 Nxd5 18. Rxd5 Bb7 19. Rd3 Bxe4 20. Qxe4 Re6 21. Rcd1
Re7 22. Bc5 Re6 23. Bxf8 Rxf8 24. Rxd7 Qxd7 25. Rxd7 Kxd7 26. h3 Rc8 27. Qf5 Ke7
28. Nd4 Kd7 29. Nxe6 1-0

[Event "AUTO-OPEN-4611"]
[Site "http://www.queenalice.com/game.php?id=1862015"]
[Date "2025.8.24"]
[Round "1"]
[White "zmanomega"]
[Black "mennecy91"]
[Result "0-1"]
[WhiteElo "1644"]
[BlackElo "2117"]

1. e4 d5 2. Nc3 d4 3. Nb5 a6 4. Na3 e5 5. d3 Nf6 6. h3 Be6 7. Nf3 Nc6 8. Bg5 Be7
9. Bd2 O-O 10. g4 Kh8 11. Nc4 Bxc4 12. dxc4 Nxe4 13. Qe2 Nxd2 14. Nxd2 Bb4 15.
O-O-O Qg5 16. a3 Bd6 17. Bg2 Qe7 18. Ne4 Bxa3 19. bxa3 Qxa3+ 20. Kb1 Nb4 21. c3
dxc3 22. Rc1 c2+ 23. Rxc2 Nxc2 24. Qxc2 c6 25. Nc3 Rfd8 26. Bf3 Rd7 27. Qb2 Qa5
28. Kc2 Rad8 29. Kc1 Rd3 30. Kc2 Rd2+ 31. Kc1 Rxb2 0-1

[Event "AUTO-ADV-4872"]
[Site "http://www.queenalice.com/game.php?id=1862229"]
[Date "2025.8.28"]
[Round "2"]
[White "chessman"]
[Black "mennecy91"]
[Result "1/2-1/2"]
[WhiteElo "2085"]
[BlackElo "2108"]

1. e4 c5 2. Nf3 Nc6 3. b4 Nxb4 4. c3 Nc6 5. d4 cxd4 6. cxd4 d5 7. e5 Bf5 8. Bd3
Bxd3 9. Qxd3 e6 10. O-O Bb4 11. Nc3 Rc8 12. Nb5 a6 13. Na3 h6 14. Nc2 Nge7 15.
Nxb4 Nxb4 16. Qb3 Nc2 17. Rb1 b5 18. Be3 Nf5 19. Rfc1 Ncxe3 20. fxe3 O-O 21. a4
bxa4 22. Qxa4 Nxe3 23. Qxa6 Rxc1+ 24. Rxc1 Nf5 25. h3 Ng3 1/2-1/2

[Event "AUTO-ADV-4872"]
[Site "http://www.queenalice.com/game.php?id=1862230"]
[Date "2025.8.28"]
[Round "2"]
[White "mennecy91"]
[Black "chessman"]
[Result "1-0"]
[WhiteElo "2096"]
[BlackElo "1999"]

1. e4 e6 2. d4 d5 3. Nc3 dxe4 4. Nxe4 Nd7 5. Be3 Ngf6 6. Bd3 Nxe4 7. Bxe4 Nf6 8.
Bf3 Bd6 9. Ne2 O-O 10. O-O a6 11. c4 Rb8 12. c5 Be7 13. b4 Nd5 14. Qb3 c6 15.
Rae1 Nxe3 16. fxe3 Bf6 17. Ng3 e5 18. d5 cxd5 19. Bxd5 Bd7 20. Ne4 Be7 21. Rd1
Qc7 22. Bxf7+ Kh8 23. Bd5 Bc6 24. Rxf8+ Rxf8 25. Bxc6 Qxc6 26. Qd5 Qxd5 27. Rxd5
Bf6 28. a4 Kg8 29. Rd7 Rb8 30. Nd6 Kf8 31. Rxb7 1-0

[Event "AUTO-OPEN-4623"]
[Site "http://www.queenalice.com/game.php?id=1865289"]
[Date "2025.11.8"]
[Round "1"]
[White "Fischercat"]
[Black "mennecy91"]
[Result "0-1"]
[WhiteElo "1872"]
[BlackElo "2057"]

1. e4 c5 2. d4 cxd4 3. Qxd4 Nc6 4. Qd1 g6 5. c3 Bg7 6. Nf3 d6 7. Bb5 Bd7 8. O-O
Nf6 9. Re1 O-O 10. Na3 a6 11. Ba4 Rc8 12. Nc4 b5 0-1